| 000 | 00632nam a22001697a 4500 | ||
|---|---|---|---|
| 003 | BD-DhUL | ||
| 005 | 20211110124048.0 | ||
| 008 | 160821b xxu||||| |||| 00| 0 eng d | ||
| 040 | _cBD-DhUL | ||
| 082 |
_a320.1 _bEMT _2২য় |
||
| 100 | _aআহমদ, এমাজউদ্দিন | ||
| 245 |
_aতুলনামূলক রাজনীতি : রাজতিক বিশ্লেষন / _cআহমদ, এমাজউদ্দিন |
||
| 260 |
_aঢাকা : _bগোল্ডেন, _c১৯৮১. |
||
| 300 |
_a২৩৬ পৃ. ; _c22 সেমি. |
||
| 650 | 0 |
_aইতিহাস _vHistory |
|
| 942 |
_2ddc _cBK |
||
| 999 |
_c99941 _d99941 |
||